01751nmm a2200277 i 4500003000900000005001700009007000300026008004100029040003300070100004500103245036800148264003800516300005600554336002700610337002900637338004000666347003100706502017800737504003000915505022700945650005701172650004501229650002001274700003901294856014001333DO-SdISF20250403115111.0ta240219s2020 dr ||||fo||d| 00| 0 spa d aDO-SdISFbspaerdacDO-SdISF1 aLópez Guillén, Rudy Gilberto eautor10aAcciones educativas para la formación de estilos de vida saludable en estudiantes de la asignatura metodología del entrenamiento deportivo escolar del programa de licenciatura en Educación Física del recinto Luís Napoleón Núñez Molina, Licey al Medio, Santiago /csustentado : Rudy Gilberto López Guillén ; asesor: Fernando Guío Gutiérrez 1aSanto Domingo :bISFODOSU, c2020 a1 recurso en línea ( 125 hojas) :bilustraciones  2rdacontentatextobtxt 2rdamediaacomputadorabc 2rdacarrierarecurso en línea bcr 2rdaaarchivo de textobPDF aTesis para optar por el título de Maestría en (Educación Física Integral) - Instituto Superior de Formación Docente Salomé Ureña - ISFODOSU, Recinto EMH, 2020  aBibliografía en hoja 64 aIntroducción al problema de investigación 1 - Revisión de la literatura 13 - Metodología 30 - Presentación de los resultados 49 - Interpretación de los resultados 55 - Referencia bibliográfica 64 - Anexos 7314aEducación físicazRepública Dominicana2armarc10aEntrenamiento atléticoxMetodología 17aEstilos de vida1 aGuío Gutierrez, Fernandoeasesor yClic para ver Texto Completouhttps://biblioteca.isfodosu.edu.do/cgi-bin/koha/opac-retrieve-file.pl?id=930ce7fb458cc8a1d25e1844c380ae1c